000
00322 a2200157 4500
001
67907
020
_a
9781408060834
040
_c
Anchieta - Pituba
100
_a
Alcott, Samantha
240
1
0
_a
Spin 1
_l
por
245
1
0
_a
Spin 1
300
_a
134
362
0
_a
2013
650
4
_a
Inglês e inglês antigo
942
_c
BK
999
_c
67907
_d
67907